[Event "Departementale Loire"]
[Site "Roanne"]
[Date "2011.04.17"]
[Round "3.4"]
[White "Martin, Julien"]
[Black "Mialon, Franck"]
[Result "1-0"]
[WhiteElo "1530"]
[BlackElo "1350"]
[Annotator "DEVILLE"]
[PlyCount "65"]
[EventDate "2011.??.??"]

1. e4 e5 2. Nf3 Nc6 3. Nc3 Bc5 4. Bb5 a6 5. Bxc6 dxc6 6. O-O Bg4 7. d3 h6 8. a3
Nf6 9. b4 Ba7 10. Nb1 Qe7 11. Nbd2 O-O-O 12. Bb2 Bd4 13. Bxd4 Rxd4 14. Qb1 Rd6
15. Qb2 Re8 16. Rae1 Nh5 17. Re3 Nf4 18. Nc4 Rg6 19. Nfxe5 Rg5 20. Nxg4 Rxg4
21. g3 Qh4 22. Kh1 Qh3 23. Rg1 b5 24. Ne5 Rg5 25. gxf4 Rxg1+ 26. Kxg1 Qh5 (
26... Re6 27. f5 Qxf5 28. Kf1 Qh3+ 29. Ke1) 27. Qd4 f6 28. Qd7+ Kb8 29. Qxc6
Ka7 30. Qxc7+ Ka8 31. Nc6 Qd1+ 32. Kg2 Qg4+ 33. Rg3 1-0

[Event "Departementale Loire"]
[Site "Roanne"]
[Date "2011.04.17"]
[Round "3.1"]
[White "Artinyan, Remy"]
[Black "Jandeau, Cyril"]
[Result "1-0"]
[WhiteElo "2065"]
[BlackElo "1450"]
[PlyCount "111"]
[EventDate "2011.??.??"]

1. e4 e5 2. Nf3 Nc6 3. Bb5 a6 4. Ba4 Nf6 5. O-O Be7 6. Re1 b5 7. Bb3 O-O 8. h3
d5 9. exd5 Nxd5 10. Nxe5 Nxe5 11. Rxe5 c6 12. Bxd5 cxd5 13. d4 Bd6 14. Re3 Qh4
15. b3 Bd7 16. Qd3 Rfe8 17. Nc3 Qf4 18. g3 Rxe3 19. Bxe3 Qf3 20. Kh2 Re8 21.
Re1 b4 22. Nd1 Qh5 23. Qf1 Bb5 24. Qh1 Re4 25. f4 g5 26. Nf2 Rxe3 27. Rxe3 gxf4
28. Ng4 Qg5 29. Re5 Bxe5 30. dxe5 Bc6 31. Qf3 fxg3+ 32. Qxg3 Kf8 33. Qf2 Qe7
34. Qd4 Qe6 35. Qxb4+ Kg7 36. Qd6 Qg6 37. Qxg6+ hxg6 38. Kg3 Kf8 39. Kf4 Ke7
40. Ke3 Ke6 41. Kd4 Bb5 42. Ne3 Bd7 43. Nxd5 Kf5 44. c4 Kg5 45. c5 Bxh3 46. c6
Be6 47. c7 Kf5 48. Ne7+ Kf4 49. c8=Q Bxc8 50. Nxc8 g5 51. Nd6 g4 52. Ne4 Kf5
53. b4 Ke6 54. a4 Kd7 55. Nf6+ Kc6 56. Nxg4 1-0

[Event "Departementale Loire"]
[Site "Roanne"]
[Date "2011.04.17"]
[Round "3.2"]
[White "Carrot, Axel"]
[Black "Piper, Stephane"]
[Result "1-0"]
[WhiteElo "1530"]
[BlackElo "1430"]
[PlyCount "115"]
[EventDate "2011.??.??"]

1. e4 c5 2. Nf3 Nc6 3. d4 cxd4 4. Nxd4 e5 5. Nxc6 bxc6 6. Nc3 Nf6 7. Bg5 Rb8 8.
Rb1 h6 9. Bd2 Bb4 10. Bd3 O-O 11. a3 Bc5 12. h3 d5 13. O-O d4 14. Ne2 Be6 15.
f4 exf4 16. Nxf4 Bd6 17. Nxe6 fxe6 18. Qe2 e5 19. b4 Qe7 20. Rf2 Nd7 21. Rbf1
Rxf2 22. Rxf2 Rf8 23. Rxf8+ Qxf8 24. c4 c5 25. b5 Nb6 26. Qg4 Qf6 27. Qf3 Qxf3
28. gxf3 g5 29. Kg2 Kf7 30. Kg3 Kg6 31. h4 gxh4+ 32. Kxh4 Be7+ 33. Kg3 h5 34.
f4 h4+ 35. Kg4 Nd7 36. f5+ Kg7 37. Be1 Nf6+ 38. Kf3 Nh5 39. Bd2 Nf4 40. Bxf4
exf4 41. Kg4 Kh6 42. Kxf4 Kh5 43. Be2+ Kh6 44. Kg4 Kg7 45. a4 Bd8 46. Bf3 Kf7
47. e5 Ke8 48. Be2 Kd7 49. Kf4 Ke7 50. Ke4 Kf7 51. Kd5 Bb6 52. Kd6 Bd8 53. Kxc5
d3 54. Bxd3 h3 55. Be4 h2 56. Kd5 Ke7 57. c5 Kd7 58. e6+ 1-0

[Event "Departementale Loire"]
[Site "Roanne"]
[Date "2011.04.17"]
[Round "3.3"]
[White "Valette, Nicolas"]
[Black "Carrot, Patrick"]
[Result "0-1"]
[WhiteElo "1009"]
[BlackElo "1866"]
[PlyCount "56"]
[EventDate "2011.??.??"]

1. e4 c5 2. Nf3 d6 3. Bc4 e6 4. d4 cxd4 5. Nxd4 Nf6 6. Nc3 a6 7. O-O b5 8. Bd3
Bb7 9. Bg5 Be7 10. Re1 Nbd7 11. f4 h6 12. Bxf6 Bxf6 13. Nf3 O-O 14. f5 Rc8 15.
Qd2 Ne5 16. Nxe5 Bxe5 17. Rf1 Rc7 18. Rf3 Bf6 19. Nd5 exd5 20. Re1 Re8 21. Qf4
dxe4 22. Bxe4 Rce7 23. Ree3 Bd4 24. Bxb7 Bxe3+ 25. Rxe3 Rxe3 26. Bxa6 Qb6 27.
f6 Rf3+ 28. Kh1 Re1# 0-1

[Event "Departementale Loire"]
[Site "Roanne"]
[Date "2011.04.17"]
[Round "3.4"]
[White "Dugelay, Alain"]
[Black "Valette, Guillaume"]
[Result "1-0"]
[WhiteElo "1499"]
[BlackElo "1099"]
[PlyCount "63"]
[EventDate "2011.??.??"]

1. e4 e5 2. Nf3 Nc6 3. d3 Bc5 4. Be3 Bxe3 5. fxe3 d5 6. Nc3 Nf6 7. Qd2 O-O 8.
O-O-O Be6 9. g3 d4 10. exd4 Nxd4 11. Nxe5 Ng4 12. Nxg4 Bxg4 13. Re1 Nf3 14. Qe2
Nxe1 15. Qxg4 b5 16. Nxb5 Qb8 17. Qf5 g6 18. Qc5 Nf3 19. Nxc7 Rc8 20. Qf2 Qxc7
21. Qe2 Ne1 22. Bh3 Nxc2 23. Bxc8 Rxc8 24. Kd1 Ne3+ 25. Kd2 Qc2+ 26. Kxe3 Qc5+
27. d4 Qb6 28. Rf1 f5 29. h4 fxe4 30. Qg4 Qxb2 31. Qxc8+ Kg7 32. Qf8# 1-0

[Event "Departementale Loire"]
[Site "Roanne"]
[Date "2011.04.17"]
[Round "3.1"]
[White "Lebrun, Enzo"]
[Black "Guevorkian, Spartak"]
[Result "0-1"]
[WhiteElo "1440"]
[BlackElo "1860"]
[PlyCount "54"]
[EventDate "2011.??.??"]

1. e4 c5 2. f4 Nc6 3. Nf3 e6 4. e5 d5 5. d4 cxd4 6. Bb5 Qa5+ 7. c3 Qxb5 8. Nxd4
Nxd4 9. Qxd4 Bc5 10. Na3 Qb6 11. Qd3 Bd7 12. b4 Bf2+ 13. Ke2 Bh4 14. g3 Be7 15.
Rd1 a5 16. Be3 Qc7 17. Rac1 Ba4 18. Rd2 axb4 19. Nb5 Bxb5 20. Qxb5+ Qd7 21.
Qxd7+ Kxd7 22. cxb4 Nh6 23. Bb6 Rac8 24. Rcc2 Bxb4 25. Rb2 Rc4 26. Kf3 Rc3+ 27.
Kg2 Kc6 0-1

[Event "Departementale Loire"]
[Site "Roanne"]
[Date "2011.04.17"]
[Round "3.2"]
[White "Megnot, Philippe"]
[Black "Rasle, Corentin"]
[Result "1-0"]
[WhiteElo "1420"]
[BlackElo "1420"]
[PlyCount "137"]
[EventDate "2011.??.??"]

1. d4 Nf6 2. Nf3 g6 3. Bf4 d5 4. e3 Bg7 5. Be2 Bf5 6. Nbd2 O-O 7. O-O Nc6 8. c3
Re8 9. Bg5 Ne4 10. Nxe4 Bxe4 11. Nd2 Bf5 12. Bg4 Bxg4 13. Qxg4 h5 14. Qf4 f6
15. Bh6 g5 16. Bxg5 fxg5 17. Qxg5 Rf8 18. f4 Qe8 19. Nf3 e6 20. Nh4 Rf6 21. Rf3
Ne7 22. Rh3 Qf7 23. Nf3 Rf5 24. Qg3 Kf8 25. Ng5 Qg6 26. Re1 c6 27. e4 Rf6 28.
exd5 cxd5 29. Qf3 Bh6 30. Rxh5 Bxg5 31. Rxg5 Qxg5 32. fxg5 Rxf3 33. gxf3 Kf7
34. Kf2 Ng6 35. Kg3 Ke7 36. h4 Rh8 37. Rh1 Kf7 38. h5 Ne7 39. Kg4 Kg7 40. Re1
Kf7 41. f4 Nf5 42. Rh1 Kg7 43. g6 Kf6 44. b3 Kg7 45. Kg5 Nh6 46. Re1 Re8 47. c4
dxc4 48. bxc4 b6 49. d5 e5 50. Rxe5 Rc8 51. d6 Ng8 52. d7 Rd8 53. Rd5 a6 54. f5
Ne7 55. f6+ Kf8 56. fxe7+ Kxe7 57. h6 b5 58. cxb5 axb5 59. h7 Ke6 60. Rxb5 Kxd7
61. Rd5+ Ke7 62. Rxd8 Kxd8 63. Kf6 Ke8 64. h8=Q+ Kd7 65. g7 Kd6 66. g8=Q Kc6
67. Qc4+ Kb7 68. Qg7+ Kb6 69. Qgc7# 1-0

[Event "Departementale Loire"]
[Site "Roanne"]
[Date "2011.04.17"]
[Round "3.3"]
[White "Moreira, Florian"]
[Black "Marie, Michel"]
[Result "1-0"]
[WhiteElo "1199"]
[BlackElo "1120"]
[PlyCount "41"]
[EventDate "2011.??.??"]

1. e4 e5 2. Nf3 Nc6 3. d4 d5 4. Nxe5 Nxe5 5. dxe5 d4 6. Bc4 Be6 7. Bxe6 fxe6 8.
c3 d3 9. g3 h6 10. Na3 Bxa3 11. bxa3 Ne7 12. Rb1 b6 13. a4 a5 14. Qb3 Qd7 15.
Ba3 Ng6 16. Rd1 Nxe5 17. Qb5 Nf3+ 18. Kf1 Rd8 19. Rxd3 Ne5 20. Rxd7 Nxd7 21.
Qh5+ 1-0

[Event "Departementale Loire"]
[Site "Roanne"]
[Date "2011.04.17"]
[Round "3.4"]
[White "Bournez, Gerard"]
[Black "Berounsky, Clement"]
[Result "1-0"]
[WhiteElo "1440"]
[BlackElo "1099"]
[PlyCount "31"]
[EventDate "2011.??.??"]

1. Nf3 Nf6 2. d3 Nc6 3. e4 d6 4. Bg5 h6 5. Bxf6 gxf6 6. Nc3 Bg7 7. a3 O-O 8.
Be2 Be6 9. Qd2 a6 10. O-O f5 11. Nh4 fxe4 12. dxe4 d5 13. exd5 Bxc3 14. Qxc3
Bxd5 15. Nf5 b5 16. Qg7# 1-0

[Event "Departementale Loire"]
[Site "Roanne"]
[Date "2011.04.17"]
[Round "3.1"]
[White "Avetikyan, Samuel"]
[Black "Briancon, Jean-Philippe"]
[Result "0-1"]
[WhiteElo "1099"]
[BlackElo "1299"]
[PlyCount "64"]
[EventDate "2011.??.??"]

1. e4 e5 2. Nf3 Nc6 3. Nc3 Nf6 4. Bc4 Bc5 5. O-O d6 6. a3 O-O 7. b4 Bd4 8. Nxd4
Nxd4 9. d3 Be6 10. Bxe6 fxe6 11. g3 d5 12. f3 a5 13. b5 c6 14. a4 Qb6 15. Rb1
Ne2+ 16. Kg2 Nxc3 17. Qd2 Nxb1 18. Qd1 Nc3 19. Qd2 d4 20. f4 Ng4 21. Qe1 Ne3+
22. Bxe3 exf4 23. gxf4 dxe3 24. Qd2 exd2 25. bxc6 bxc6 26. e5 Qe3 27. h4 d1=Q
28. Rxd1 Nxd1 29. Kh2 Qxf4+ 30. Kh1 Qxh4+ 31. Kg1 Qg3+ 32. Kh1 Rf1# 0-1

[Event "Departementale Loire"]
[Site "Roanne"]
[Date "2011.04.17"]
[Round "3.2"]
[White "Blanchin, Benjamin"]
[Black "Blanchet, Julian"]
[Result "1-0"]
[WhiteElo "1199"]
[BlackElo "1009"]
[PlyCount "45"]
[EventDate "2011.??.??"]

1. e4 e5 2. Nf3 Nc6 3. Nc3 Nf6 4. d4 Bd6 5. Bg5 O-O 6. Bc4 Qe8 7. O-O b6 8. d5
Nd4 9. Nxd4 Bb7 10. Ndb5 Qc8 11. Re1 Bc5 12. a3 a6 13. b4 Bd6 14. Nxd6 cxd6 15.
Na4 Qxc4 16. Qd3 Qc7 17. Qc3 Qd8 18. Re3 Qb8 19. Rg3 b5 20. Qf3 bxa4 21. Bxf6
Qa7 22. Qg4 Rac8 23. Qxg7# 1-0

[Event "Departementale Loire"]
[Site "Roanne"]
[Date "2011.04.17"]
[Round "3.3"]
[White "Berounsky, Flavien"]
[Black "Moreira, Valentin"]
[Result "0-1"]
[WhiteElo "1009"]
[BlackElo "1199"]
[PlyCount "104"]
[EventDate "2011.??.??"]

1. d4 Nc6 2. Nc3 Nxd4 3. Qxd4 e6 4. Nf3 Qf6 5. Bg5 Qxd4 6. Nxd4 f6 7. Bf4 e5 8.
Bg3 exd4 9. Nd5 c6 10. Nf4 g5 11. Ng6 Bb4+ 12. c3 dxc3 13. O-O-O Ne7 14. Nxh8
d5 15. Ng6 Nxg6 16. bxc3 Bxc3 17. e3 Bg4 18. Bd3 Bxd1 19. Kxd1 Ne5 20. Bg6+
hxg6 21. Ke2 d4 22. exd4 Bxd4 23. Rd1 Rd8 24. Re1 Bc3 25. Rc1 Bb2 26. Rb1 Nc4
27. Rd1 Be5 28. Re1 Rd2+ 29. Kf1 Kf7 30. Rc1 b5 31. Ke1 Rxa2 32. Rb1 Nd2 33.
Ra1 Rxa1+ 34. Kxd2 Ra3 35. h4 Bc3+ 36. Kc2 b4 37. Bd6 Ke6 38. Bxb4 Bxb4 39.
hxg5 Rc3+ 40. Kd2 Rg3+ 41. Kc2 Rxg5 42. Kb3 Rg4 43. f4 c5 44. Ka4 c4 45. Kxb4
Rxf4 46. g3 Re4 47. Ka3 c3 48. Ka2 c2 49. Ka1 c1=R+ 50. Ka2 Rc5 51. Kb2 Rb5+
52. Ka2 Ra4# 0-1

[Event "Departementale Loire"]
[Site "Roanne"]
[Date "2011.04.17"]
[Round "3.4"]
[White "Malchere, Lenny"]
[Black "Soler, Pauline"]
[Result "0-1"]
[WhiteElo "1099"]
[BlackElo "1009"]
[PlyCount "70"]
[EventDate "2011.??.??"]

1. e4 e5 2. Nc3 Nc6 3. Nf3 Nf6 4. Qe2 Bc5 5. Qc4 O-O 6. Qxc5 h6 7. Qb5 a6 8.
Qc4 d6 9. Bd3 Be6 10. Qa4 b5 11. Qa3 b4 12. Qa4 d5 13. O-O dxe4 14. Bxe4 Nxe4
15. Nxe4 Bd5 16. Nc5 Re8 17. Nxa6 Re6 18. Nxb4 Bxf3 19. Na6 Rg6 20. Qa3 Rg5 21.
Qxf3 e4 22. Qxe4 Rh5 23. Qxc6 Qh4 24. Qxa8+ Kh7 25. Re1 Qxh2+ 26. Kf1 Rf5 27.
Qe4 g6 28. Nxc7 Rg5 29. Qe7 Kg7 30. Ne8+ Kg8 31. Nd6 Rd5 32. Nxf7 Rf5 33. Nd6
Rd5 34. Qb7 Re5 35. a4 Qh1# 0-1